000
00275nam a2200097Ia 4500
001
642455
005
20250826153527.0
008
250824s9999 xx 000 0 und d
245
0
_a
BİNBİR GECE MASALLARI ANTİK O KLASİKLERİ
_c
ANONİM
260
_b
ANTİK DÜNYA KLASİKLERİ
999
_c
642455
_d
642455